00727 2200241 4500001002100000005001700021008004100038035002400079082001200103090002300115100001400138245010200152260002900254300003000283500006700313500002800380650001600408850001600424980001500440985000600455986000900461999001500470YOGYA-0209000004438420090227030358.0 ind  0010-020900000044384 a332.041 a332.041bPar AlSK aPARIYANTO aAnalisis perputaran modal kerja pada koperasi unit desa Gamping Sleman Yogyakartacoleh Pariyanto aYogyakartab[s.n.]c1995 ax, 82 lembarbilusc30 cm aLaporan akhir Akademi Keuangan dan Perbankan "YIPK" Yogyakarta aBibliografi : lembar 74 aModal kerja aYOPDYOG [B] a27-12-2007 a1 aRuni a07A0027973